<?xml version="1.0" encoding="UTF-8"?>
<collection xmlns="http://www.loc.gov/MARC21/slim">
 <record>
  <leader>01964cam a22003614a 4500</leader>
  <controlfield tag="001">TVCDKTCT100906</controlfield>
  <controlfield tag="005">20181030074954.3</controlfield>
  <controlfield tag="008">060301s2006    njua          001 0 eng  </controlfield>
  <datafield tag="980" ind1="\" ind2="\">
   <subfield code="a">Thư viện Trường CĐ Kỹ Thuật Cao Thắng</subfield>
  </datafield>
  <datafield tag="024" ind1=" " ind2=" ">
   <subfield code="a">RG_1 #1 eb0 i1</subfield>
  </datafield>
  <datafield tag="010" ind1=" " ind2=" ">
   <subfield code="a">2006007380</subfield>
  </datafield>
  <datafield tag="020" ind1=" " ind2=" ">
   <subfield code="a">0470037288</subfield>
  </datafield>
  <datafield tag="020" ind1=" " ind2=" ">
   <subfield code="a">9780470037287</subfield>
  </datafield>
  <datafield tag="035" ind1=" " ind2=" ">
   <subfield code="a">(OCoLC)64487030</subfield>
  </datafield>
  <datafield tag="035" ind1=" " ind2=" ">
   <subfield code="a">(OCoLC)ocm64487030</subfield>
  </datafield>
  <datafield tag="040" ind1=" " ind2=" ">
   <subfield code="a">DLC </subfield>
   <subfield code="c">DLC </subfield>
   <subfield code="d">BAKER </subfield>
   <subfield code="d">C#P </subfield>
   <subfield code="d">YDXCP </subfield>
   <subfield code="d">OCLCQ </subfield>
   <subfield code="d">DLC</subfield>
  </datafield>
  <datafield tag="042" ind1=" " ind2=" ">
   <subfield code="a">pcc</subfield>
  </datafield>
  <datafield tag="050" ind1="0" ind2="0">
   <subfield code="a">HF5438.25 </subfield>
   <subfield code="b">.T524 2006</subfield>
  </datafield>
  <datafield tag="082" ind1="0" ind2="0">
   <subfield code="a">658.85 </subfield>
   <subfield code="b">J200F-e</subfield>
  </datafield>
  <datafield tag="100" ind1="1" ind2=" ">
   <subfield code="a">Thull, Jeff, </subfield>
   <subfield code="d">1949-</subfield>
  </datafield>
  <datafield tag="245" ind1="1" ind2="0">
   <subfield code="a">Exceptional selling : </subfield>
   <subfield code="b">how the best connect and win in high stakes sales / </subfield>
   <subfield code="c">Jeff Thull.</subfield>
  </datafield>
  <datafield tag="260" ind1=" " ind2=" ">
   <subfield code="a">Hoboken, N.J. : </subfield>
   <subfield code="b">John Wiley &amp; Sons, </subfield>
   <subfield code="c">c2006.</subfield>
  </datafield>
  <datafield tag="300" ind1=" " ind2=" ">
   <subfield code="a">xxxii, 238 p. : </subfield>
   <subfield code="b">ill. ; </subfield>
   <subfield code="c">24 cm.</subfield>
  </datafield>
  <datafield tag="500" ind1=" " ind2=" ">
   <subfield code="a">Includes index.</subfield>
  </datafield>
  <datafield tag="505" ind1="0" ind2=" ">
   <subfield code="a">The more you sweat, the less you sell -- Nobody buys a value proposition -- You've got to get your mind right -- Earning the keys to the elevator -- Diagnosis trumps presentation every time -- Cutting through the smoke and mirrors -- It doesn't pay to surprise a corporation -- Show me the money -- Connecting at the level of power and decision.</subfield>
  </datafield>
  <datafield tag="650" ind1=" " ind2="0">
   <subfield code="a">Selling.</subfield>
  </datafield>
  <datafield tag="841" ind1="#" ind2="#">
   <subfield code="b">Kho Sách </subfield>
   <subfield code="j">100051045, 100051066, 100051162</subfield>
  </datafield>
  <datafield tag="856" ind1="4" ind2="1">
   <subfield code="3">Table of contents </subfield>
   <subfield code="u">http://www.loc.gov/catdir/toc/ecip069/2006007380.html</subfield>
  </datafield>
  <datafield tag="856" ind1="4" ind2="2">
   <subfield code="3">Contributor biographical information </subfield>
   <subfield code="u">http://www.loc.gov/catdir/enhancements/fy0741/2006007380-b.html</subfield>
  </datafield>
  <datafield tag="856" ind1="4" ind2="2">
   <subfield code="3">Publisher description </subfield>
   <subfield code="u">http://www.loc.gov/catdir/enhancements/fy0741/2006007380-d.html</subfield>
  </datafield>
  <datafield tag="906" ind1=" " ind2=" ">
   <subfield code="a">7 </subfield>
   <subfield code="b">cbc </subfield>
   <subfield code="c">orignew </subfield>
   <subfield code="d">1 </subfield>
   <subfield code="e">ecip </subfield>
   <subfield code="f">20 </subfield>
   <subfield code="g">y-gencatlg</subfield>
  </datafield>
  <datafield tag="925" ind1="0" ind2=" ">
   <subfield code="a">acquire </subfield>
   <subfield code="b">2 shelf copies </subfield>
   <subfield code="x">policy default</subfield>
  </datafield>
  <datafield tag="955" ind1=" " ind2=" ">
   <subfield code="a">se38 2006-03-01 </subfield>
   <subfield code="i">se38 2006-03-01 </subfield>
   <subfield code="e">se38 2006-03-01 to Dewey </subfield>
   <subfield code="a">aa19 2006-03-02 </subfield>
   <subfield code="a">ps02 2006-11-28 1 copy rec'd., to CIP ver. </subfield>
   <subfield code="f">sc06 2006-12-04 Z-CipVer (telework) </subfield>
   <subfield code="g">sc06 2006-12-04 to BCCD (telework) </subfield>
   <subfield code="a">ld11 2007-06-25 copy 2 added</subfield>
  </datafield>
 </record>
</collection>
